Представление документа в формате MARC21

Поле Инд. ПП Название Значение
Тип записи a
Библиографический уровень b
001 Контрольный номер RU/IS/BASE/264552960
005 Дата корректировки 20260327003718.6
008 Кодируемые данные 19951209
084 a Индекс другой классификации/Индекс ББК 81.411.2-31-36
097 00 a 750
100 10 a Автор Бирих А.
245 00 a Заглавие К диахроническому анализу фразеосемантических полей
504 00 a Библиография Библиогр.: с. 24
650 04 a Основная рубрика лексикология
a Основная рубрика лексическая семантика
a Основная рубрика русский язык
a Основная рубрика филологические науки
a Основная рубрика фразеология
a Основная рубрика частное языкознание
a Основная рубрика языкознание
653 00 a Ключевые слова диахронический анализ
a Ключевые слова диахрония
a Ключевые слова семантика
a Ключевые слова семасиология
a Ключевые слова фразеологизмы
a Ключевые слова фразеологические единицы
773 00 t Заглавие источника Вопросы языкознания
d Дата издания источника 1995
g Прочая информация № 4. - С. 14 - 24
w Контрольный № источника RU/IS/BASE/134584334
901 t Тип документа b